| 000 | 00462nam a2200181 a 4500 | ||
|---|---|---|---|
| 001 | 2463 | ||
| 003 | CO-ViMGA | ||
| 008 | 141112s2004 ck r 000 u spa d | ||
| 040 |
_aCO-ViMGA _bspa _cCO-ViMGA |
||
| 082 | 0 | 4 | _aA863.64 B415p |
| 100 | 1 |
_aBiancotti, Hector _951383 |
|
| 245 | 1 | 0 | _aEl paso tan lento del amor |
| 260 |
_aBarcelona : _bTusquets, _c1996 |
||
| 300 | _a310 p | ||
| 490 | _aAndanzas, 268 | ||
| 650 | 1 | 4 |
_aNOVELA ARGENTINA _92131 |
| 942 |
_2ddc _cBK |
||
| 999 |
_c14542 _d14542 |
||